[Event "Petroupoli ASOP Dias Seniors op"]
[Site "Petroupoli"]
[Date "2013.01.26"]
[Round "2.17"]
[White "Minagias, Dimitrios"]
[Black "Kavvadas, Dionisios"]
[Result "0-1"]
[WhiteElo "1010"]
[BlackElo "1351"]
[PlyCount "42"]
[EventDate "2013.01.19"]
[EventType "swiss"]
[EventRounds "7"]
[EventCountry "GRE"]
[SourceTitle "EXT 2024"]
[Source "ChessBase"]
[SourceDate "2023.10.10"]
[SourceVersion "1"]
[SourceVersionDate "2023.10.10"]
[SourceQuality "1"]

1. e4 e5 2. Nf3 Nc6 3. Bc4 Bc5 4. c3 Nf6 5. d4 exd4 6. cxd4 Bb4+ 7. Nc3 Nxe4 8. 0-0 Bxc3 9. Bxf7+ Kxf7 10. Qb3+ d5 11. bxc3 Re8 12. c4 dxc4 13. Qxc4+ Be6 14. Qd3 Bd5 15. Re1 Qf6 16. Qb5 Rad8 17. Qxb7 Rd7 18. Be3 Qg6 19. Qb2 Nd2 20. Qxd2 Bxf3 21. g3 Qf5 0-1

[Event "Petroupoli ASOP Dias Seniors op"]
[Site "Petroupoli"]
[Date "2012.11.24"]
[Round "4.21"]
[White "Kavvadias, Dionysios"]
[Black "Kavvadas, Dionisios"]
[Result "0-1"]
[WhiteElo "1000"]
[BlackElo "1321"]
[PlyCount "101"]
[EventDate "2012.11.03"]
[EventType "swiss"]
[EventRounds "7"]
[EventCountry "GRE"]
[SourceTitle "EXT 2024"]
[Source "ChessBase"]
[SourceDate "2023.10.10"]
[SourceVersion "1"]
[SourceVersionDate "2023.10.10"]
[SourceQuality "1"]

1. e4 e5 2. Nf3 Nc6 3. Bc4 Bc5 4. c3 Nf6 5. d4 exd4 6. cxd4 Bb4+ 7. Bd2 Nxe4 8. Bxb4 Nxb4 9. Bxf7+ Kxf7 10. Qb3+ Kf8 11. Qxb4+ Qe7 12. Qxe7+ Kxe7 13. 0-0 Re8 14. Re1 Kf8 15. Na3 c6 16. Re3 d5 17. Ne5 c5 18. dxc5 Rxe5 19. f3 Bf5 20. fxe4 Rxe4 21. Rxe4 Bxe4 22. Nb5 Rc8 23. Nd4 Ke7 24. b4 Kd7 25. Rf1 Ke7 26. Kf2 Rf8+ 27. Kg1 Rc8 28. g3 a5 29. a3 axb4 30. axb4 Ra8 31. Nf5+ Bxf5 32. Rxf5 Ke6 33. Rf4 Ra4 34. h4 h5 35. Kf2 Ke5 36. Ke2 d4 37. Rf7 Rxb4 38. Rxg7 Ke4 39. Re7+ Kd5 40. Rh7 Ke4 41. Re7+ Kf5 42. Kd3 Kg4 43. Re4+ Kxg3 44. Rxd4 Rxd4+ 45. Kxd4 Kxh4 46. Kd5 Kg5 47. Kd6 h4 48. Kc7 h3 49. Kxb7 h2 50. c6 h1Q 51. Kc8 0-1

[Event "Petroupoli op 10th"]
[Site "Petroupoli"]
[Date "2012.10.24"]
[Round "6"]
[White "Rigopoulos Tsigkos, Alexandros"]
[Black "Kavvadas, Dionisios"]
[Result "1-0"]
[WhiteElo "2092"]
[BlackElo "1287"]
[PlyCount "55"]
[EventDate "2012.10.06"]
[EventType "swiss"]
[EventRounds "7"]
[EventCountry "GRE"]
[SourceTitle "EXT 2013"]
[Source "ChessBase"]
[SourceDate "2012.11.22"]
[SourceVersion "1"]
[SourceVersionDate "2012.11.22"]
[SourceQuality "1"]

1. d4 Nf6 2. c4 e6 3. Nf3 b6 4. g3 Bb7 5. Bg2 c5 6. 0-0 cxd4 7. Qxd4 Bc5 8. Qd1 h6 9. Nc3 0-0 10. Qc2 Re8 11. a3 Qc7 12. b4 Be7 13. Nb5 Qc6 14. Bb2 d5 15. Ne5 Qc8 16. Rac1 a6 17. cxd5 axb5 18. dxe6 Qxe6 19. Bxb7 Ra7 20. Bc8 Qd5 21. Rfd1 Qa8 22. Qb3 Rf8 23. Bf5 Qb7 24. Rc8 Rxc8 25. Qxf7+ Kh8 26. Ng6+ Kh7 27. Nxe7+ Kh8 28. Bxf6 1-0

[Event "Petroupoli op 10th"]
[Site "Petroupoli"]
[Date "2012.10.10"]
[Round "2"]
[White "Grigoriadis, Mihail"]
[Black "Kavvadas, Dionisios"]
[Result "1-0"]
[WhiteElo "1914"]
[BlackElo "1287"]
[PlyCount "43"]
[EventDate "2012.10.06"]
[EventType "swiss"]
[EventRounds "7"]
[EventCountry "GRE"]
[SourceTitle "EXT 2013"]
[Source "ChessBase"]
[SourceDate "2012.11.22"]
[SourceVersion "1"]
[SourceVersionDate "2012.11.22"]
[SourceQuality "1"]

1. e4 e5 2. d4 exd4 3. Qxd4 Nc6 4. Qe3 Nf6 5. Nc3 Bb4 6. Bd2 d6 7. 0-0-0 Bc5 8. Qg3 Ng4 9. Nh3 Qf6 10. Nd5 Qd8 11. f3 Nge5 12. Qxg7 Ng6 13. Bg5 Be3+ 14. Nxe3 Nce7 15. Nd5 Kd7 16. Nf6+ Kc6 17. Qxf7 Ne5 18. Qb3 b6 19. Nd5 N5g6 20. Nxe7+ Nxe7 21. Bxe7 Qxe7 22. Qd5+ 1-0

[Event "Petroupoli op 5th"]
[Site "Petroupoli"]
[Date "2012.09.08"]
[Round "1"]
[White "Kouskoutis, Georgios Alexandros"]
[Black "Kavvadas, Dionisios"]
[Result "1-0"]
[WhiteElo "1695"]
[BlackElo "1268"]
[PlyCount "93"]
[EventDate "2012.09.08"]
[EventType "swiss"]
[EventRounds "7"]
[EventCountry "GRE"]
[SourceTitle "CBM 150 Extra"]
[Source "ChessBase"]
[SourceDate "2012.10.19"]
[SourceVersion "1"]
[SourceVersionDate "2012.10.19"]
[SourceQuality "1"]

1. e4 e5 2. Nf3 Nc6 3. Bc4 Bc5 4. c3 Nf6 5. d3 d6 6. Bb3 0-0 7. h3 h6 8. Nbd2 Re8 9. 0-0 Be6 10. Re1 Qd7 11. Nf1 Bb6 12. Be3 Ne7 13. Ng3 Ng6 14. d4 exd4 15. Bxd4 Bxd4 16. cxd4 Bxb3 17. Qxb3 Qc6 18. Rac1 Qd7 19. Qxb7 Reb8 20. Qxc7 Qxc7 21. Rxc7 Rxb2 22. a4 Rb4 23. Ra1 Nf4 24. Rc6 Ne8 25. Nf5 Ne6 26. Rac1 Rxa4 27. Rc8 Rxc8 28. Rxc8 Kf8 29. Nxd6 N6c7 30. d5 Ke7 31. Nxe8 Nxe8 32. e5 Ra1+ 33. Kh2 Kd7 34. Ra8 Nc7 35. Rg8 Nxd5 36. Rxg7 Ke6 37. Rh7 a5 38. Rxh6+ Ke7 39. Ra6 a4 40. h4 a3 41. h5 a2 42. h6 Nb4 43. Ra7+ Kf8 44. Ra8+ Ke7 45. h7 Rd1 46. h8Q a1Q 47. Qe8# 1-0

[Event "Petroupoli op 4th"]
[Site "Petroupoli"]
[Date "2012.05.16"]
[Round "6"]
[White "Kavvadas, Dionisios"]
[Black "Pavlis, Antonios"]
[Result "0-1"]
[WhiteElo "1265"]
[BlackElo "1761"]
[PlyCount "56"]
[EventDate "2012.04.28"]
[EventType "swiss"]
[EventRounds "7"]
[EventCountry "GRE"]
[SourceTitle "CBM 148 Extra"]
[Source "ChessBase"]
[SourceDate "2012.06.22"]
[SourceVersion "1"]
[SourceVersionDate "2012.06.22"]
[SourceQuality "1"]

1. e4 d5 2. exd5 Nf6 3. d4 Bg4 4. f3 Bf5 5. Bb5+ c6 6. dxc6 bxc6 7. Ba4 e6 8. Nc3 Bb4 9. Nge2 0-0 10. a3 Ba5 11. Bg5 Qe7 12. 0-0 Rd8 13. Ne4 e5 14. Nxf6+ gxf6 15. Bh6 exd4 16. Nf4 d3 17. c3 Nd7 18. Re1 Ne5 19. Qd2 Kh8 20. Kh1 Qb7 21. Nh5 Rg8 22. Nxf6 Nxf3 23. gxf3 Rg6 24. Qf4 Qxb2 25. Rg1 Bb6 26. Rxg6 Qxa1+ 27. Qc1 Qxc1+ 28. Bxc1 fxg6 0-1

[Event "Petroupoli op 4th"]
[Site "Petroupoli"]
[Date "2012.05.05"]
[Round "3"]
[White "Kavvadas, Dionisios"]
[Black "Kasioumis, Vasilios"]
[Result "1-0"]
[WhiteElo "1265"]
[BlackElo "1005"]
[PlyCount "53"]
[EventDate "2012.04.28"]
[EventType "swiss"]
[EventRounds "7"]
[EventCountry "GRE"]
[SourceTitle "CBM 148 Extra"]
[Source "ChessBase"]
[SourceDate "2012.06.22"]
[SourceVersion "1"]
[SourceVersionDate "2012.06.22"]
[SourceQuality "1"]

1. e4 d5 2. exd5 Qxd5 3. Nc3 Qa5 4. d4 Nf6 5. Nf3 Nc6 6. Bd2 Nxd4 7. Nxd4 Qe5+ 8. Be3 Bg4 9. Be2 h5 10. Nf3 Bxf3 11. Bxf3 Nd7 12. Bxb7 Rb8 13. Bc6 Qd6 14. Qxd6 exd6 15. Ba4 Rxb2 16. Bb3 Nc5 17. Bxc5 dxc5 18. Na4 c4 19. Nxb2 cxb3 20. axb3 g6 21. Rxa7 Bg7 22. Ra8+ Ke7 23. Rxh8 Bc3+ 24. Ke2 Bxh8 25. Nc4 Ke6 26. Rd1 Kf5 27. Rd7 1-0

[Event "Petroupoli op 3rd"]
[Site "Petroupoli"]
[Date "2012.03.31"]
[Round "7"]
[White "Grapsas, Panagiotis"]
[Black "Kavvadas, Dionisios"]
[Result "1-0"]
[WhiteElo "1496"]
[BlackElo "1265"]
[PlyCount "113"]
[EventDate "2012.03.10"]
[EventType "swiss"]
[EventRounds "7"]
[EventCountry "GRE"]
[SourceTitle "CBM 147 Extra"]
[Source "ChessBase"]
[SourceDate "2012.04.24"]
[SourceVersion "1"]
[SourceVersionDate "2012.04.24"]
[SourceQuality "1"]

1. e4 e5 2. Nf3 Nc6 3. Bc4 Bc5 4. c3 Nf6 5. d4 exd4 6. cxd4 Bb4+ 7. Bd2 Nxe4 8. Qe2 d5 9. Bxb4 Nxb4 10. Nc3 0-0 11. Nxd5 Re8 12. Ne3 Be6 13. 0-0 Qf6 14. Rad1 Rad8 15. d5 Nxd5 16. Bxd5 Bxd5 17. Nxd5 Qf5 18. Qd3 Qe6 19. Rfe1 c6 20. Rxe4 Qxe4 21. Qxe4 Rxe4 22. Ne7+ Kf8 23. Rxd8+ Kxe7 24. Rd1 Re2 25. Re1 Rxe1+ 26. Nxe1 Kd6 27. f4 a5 28. Kf2 b5 29. Ke3 Kd5 30. Nc2 b4 31. g4 c5 32. b3 c4 33. bxc4+ Kxc4 34. Kd2 b3 35. axb3+ Kxb3 36. Nd4+ Kb2 37. f5 a4 38. Nc2 h6 39. Kd3 f6 40. Ne3 a3 41. Nc4+ Kb3 42. Nxa3 Kxa3 43. Kc3 Ka4 44. Kc4 Ka5 45. Kd5 Kb6 46. Ke6 Kc7 47. Kf7 Kd8 48. Kf8 Kd7 49. Kxg7 Ke7 50. h4 Ke8 51. Kxf6 Kf8 52. Kg6 h5 53. Kxh5 Kg7 54. g5 Kf7 55. g6+ Kg7 56. Kg5 Kg8 57. Kh6 1-0

[Event "Petroupoli op 3rd"]
[Site "Petroupoli"]
[Date "2012.03.17"]
[Round "3"]
[White "Mavroudis, Dionisios"]
[Black "Kavvadas, Dionisios"]
[Result "1-0"]
[WhiteElo "1650"]
[BlackElo "1265"]
[PlyCount "127"]
[EventDate "2012.03.10"]
[EventType "swiss"]
[EventRounds "7"]
[EventCountry "GRE"]
[SourceTitle "CBM 147 Extra"]
[Source "ChessBase"]
[SourceDate "2012.04.24"]
[SourceVersion "1"]
[SourceVersionDate "2012.04.24"]
[SourceQuality "1"]

1. b3 e5 2. e3 d5 3. Bb2 Nc6 4. Bb5 Qg5 5. Nf3 Qxg2 6. Rg1 Qh3 7. Bxe5 Bg4 8. Rg3 Qh5 9. Bxc6+ bxc6 10. Bxc7 Rc8 11. Bf4 Be7 12. h3 Bxh3 13. Nd4 Qxd1+ 14. Kxd1 Bd7 15. Nc3 Bf6 16. Nf3 Ne7 17. e4 dxe4 18. Ne5 Ng6 19. Nxg6 hxg6 20. Ke2 Bf5 21. Rd1 Rh4 22. Be3 Bg4+ 23. f3 Bxf3+ 24. Rxf3 exf3+ 25. Kxf3 Rd8 26. Re1 Kf8 27. Ne4 Rd5 28. Bxa7 Rf5+ 29. Kg3 Rff4 30. Bc5+ Kg8 31. Nf2 g5 32. a4 Bd4 33. Bxd4 Rxd4 34. d3 Rd8 35. Re7 Rhd4 36. Rc7 R4d6 37. Ne4 Re6 38. a5 Ra8 39. b4 Rb8 40. c3 f5 41. Nc5 Re3+ 42. Kf2 f4 43. a6 g4 44. a7 Ra8 45. Rb7 Kh7 46. Rf7 g3+ 47. Kg2 Re2+ 48. Kg1 Rf2 49. Ne4 Rf3 50. Rd7 Kg6 51. Kg2 Re3 52. Rd6+ Kf5 53. Rd7 Rh8 54. Rf7+ Ke5 55. Re7+ Kd5 56. c4+ Kd4 57. Rd7+ Ke5 58. Re7+ Kf5 59. Rf7+ Kg6 60. Rxf4 Rh2+ 61. Kg1 Re1+ 62. Rf1 Rxf1+ 63. Kxf1 Rh8 64. b5 1-0

[Event "Petroupoli op 3rd"]
[Site "Petroupoli"]
[Date "2012.03.10"]
[Round "1"]
[White "Grigoriadis, Mihail"]
[Black "Kavvadas, Dionisios"]
[Result "1-0"]
[WhiteElo "1808"]
[BlackElo "1265"]
[PlyCount "89"]
[EventDate "2012.03.10"]
[EventType "swiss"]
[EventRounds "7"]
[EventCountry "GRE"]
[SourceTitle "CBM 147 Extra"]
[Source "ChessBase"]
[SourceDate "2012.04.24"]
[SourceVersion "1"]
[SourceVersionDate "2012.04.24"]
[SourceQuality "1"]

1. e4 e5 2. Nf3 Nc6 3. Bb5 a6 4. Ba4 Bc5 5. c3 b5 6. Bc2 Nf6 7. 0-0 d6 8. d4 exd4 9. cxd4 Bb6 10. h3 h6 11. a4 bxa4 12. Bxa4 Bd7 13. d5 Ne7 14. Bxd7+ Qxd7 15. Nc3 0-0 16. Qd3 Qc8 17. Na4 Ba7 18. Bd2 Qd7 19. Nc3 Qc8 20. Ne2 Qb7 21. Ng3 Qb5 22. Qc2 Rfc8 23. Ra5 Qb7 24. Bc3 Nd7 25. Qd2 f6 26. Qf4 Ne5 27. Nxe5 dxe5 28. Qg4 Rf8 29. Nh5 Rf7 30. Kh1 Bd4 31. f4 Bxc3 32. bxc3 Raf8 33. Kh2 Kh7 34. Raa1 exf4 35. Nxf4 f5 36. exf5 Nxf5 37. Qg6+ Kg8 38. Ne6 Ne3 39. Rxf7 Rxf7 40. Re1 Nxd5 41. Nxg7 Ne7 42. Rxe7 Rxe7 43. Nf5+ Kf8 44. Qf6+ Rf7 45. Qh8# 1-0

[Event "Petroupoli op 6th"]
[Site "Petroupoli"]
[Date "2011.11.05"]
[Round "7"]
[White "Kokkota, Eleni"]
[Black "Kavvadas, Dionisios"]
[Result "1/2-1/2"]
[WhiteElo "1497"]
[BlackElo "1010"]
[PlyCount "83"]
[EventDate "2011.10.15"]
[EventType "swiss"]
[EventRounds "7"]
[EventCountry "GRE"]
[SourceTitle "EXT 2013"]
[Source "ChessBase"]
[SourceDate "2012.11.22"]
[SourceVersion "1"]
[SourceVersionDate "2012.11.22"]
[SourceQuality "1"]

1. e4 e5 2. Nf3 Nc6 3. d4 exd4 4. Nxd4 Nf6 5. Nxc6 bxc6 6. e5 Nd5 7. Bc4 Nb6 8. Bb3 Bc5 9. 0-0 0-0 10. Kh1 d5 11. exd6 cxd6 12. f4 Kh8 13. f5 f6 14. Be6 Re8 15. Re1 Re7 16. Qf3 Bd7 17. Bd2 Qe8 18. Qg4 d5 19. Nc3 Nc4 20. Nxd5 cxd5 21. Bxd5 Nxd2 22. Rxe7 Bxe7 23. Bxa8 Qxa8 24. Qd4 Bxf5 25. Qxd2 Qb7 26. Re1 Kg8 27. Qe2 Kf7 28. c4 Qb4 29. a3 Qc5 30. b4 Qc7 31. Qh5+ Bg6 32. Qd5+ Kf8 33. c5 Be8 34. Qe4 g6 35. Qe2 Qb7 36. Qe4 Bc6 37. Qe2 Bb5 38. Qd2 Qc7 39. Qc2 a5 40. a4 Bd7 41. bxa5 Qxa5 42. Rxe7 1/2-1/2

[Event "Petroupoli op 6th"]
[Site "Petroupoli"]
[Date "2011.10.26"]
[Round "4"]
[White "Kavvadas, Dionisios"]
[Black "Koutsounis, Vasilios"]
[Result "1/2-1/2"]
[WhiteElo "1010"]
[BlackElo "1454"]
[PlyCount "45"]
[EventDate "2011.10.15"]
[EventType "swiss"]
[EventRounds "7"]
[EventCountry "GRE"]
[SourceTitle "EXT 2013"]
[Source "ChessBase"]
[SourceDate "2012.11.22"]
[SourceVersion "1"]
[SourceVersionDate "2012.11.22"]
[SourceQuality "1"]

1. e4 a6 2. d4 b5 3. a3 Bb7 4. Nc3 Nf6 5. Bd3 e6 6. Nf3 c5 7. dxc5 Bxc5 8. Bg5 Be7 9. 0-0 0-0 10. Re1 d5 11. exd5 Nxd5 12. Nxd5 Bxd5 13. Bxe7 Qxe7 14. Qe2 Nc6 15. Rad1 Rac8 16. Qe3 h6 17. Be4 Bxe4 18. Qxe4 Rfd8 19. Rxd8+ Qxd8 20. Qe3 Na5 21. Re2 Nc4 22. Qc3 Nb6 23. Qd2 1/2-1/2

[Event "Petroupoli op 6th"]
[Site "Petroupoli"]
[Date "2011.10.15"]
[Round "1"]
[White "Giannoulis, Dionisios"]
[Black "Kavvadas, Dionisios"]
[Result "1-0"]
[WhiteElo "1708"]
[BlackElo "1010"]
[PlyCount "65"]
[EventDate "2011.10.15"]
[EventType "swiss"]
[EventRounds "7"]
[EventCountry "GRE"]
[SourceTitle "EXT 2013"]
[Source "ChessBase"]
[SourceDate "2012.11.22"]
[SourceVersion "1"]
[SourceVersionDate "2012.11.22"]
[SourceQuality "1"]

1. e4 e5 2. Nf3 Nc6 3. Bc4 Bc5 4. c3 d6 5. d3 Be6 6. Bxe6 fxe6 7. Qb3 Qc8 8. Ng5 Nd8 9. 0-0 h6 10. Nf3 Nf6 11. Be3 Bb6 12. Nbd2 Nc6 13. Bxb6 axb6 14. Nh4 Qd7 15. Ng6 Rg8 16. f4 Qf7 17. fxe5 dxe5 18. Nh4 0-0-0 19. Qc4 g5 20. Nf5 Na5 21. Nxh6 Nxc4 22. Nxf7 Nxd2 23. Rxf6 Rxd3 24. Rxe6 Nxe4 25. Re1 Nd6 26. Nxe5 Rd2 27. Ng6 Kd7 28. Rf6 Rxb2 29. Ne5+ Ke7 30. Rh6 Rg7 31. Nd3+ Kd7 32. Nxb2 c5 33. Rd1 1-0